000 00492nam a22001457a 4500
005 20120215151531.0
020 _a8178296357
_c000.00
035 _aB-224892
245 _aKey Concepts in Journalism Studies/
260 _aNew Delhi
_bVistaar Publications
_c2006
300 _aXIX,362p.
_c22cms
700 _aHutnik, Stephen
_942168
942 _2ddc
_cEN
_h070.4
_mKEY
999 _c62947
_d62947